BIBLIOTECA

SENCICO

Materiales y procedimientos de construcción / (Registro nro. 9805)

Detalles MARC
000 -LEADER
Campo de control de longitud fija 01370nam a22002897a 4500
003 - IDENTIFICADOR DEL NÚMERO DE CONTROL
Campo de control PE SENCICO BE
005 - FECHA Y HORA DE LA ÚLTIMA TRANSACCIÓN
Campo de control 20260302164800.0
008 - ELEMENTOS DE LONGITUD FIJA - INFORMACIÓN GENERAL
Campo de control de longitud fija 251222b |||||||| |||| 00| 0 eng d
020 ## - ISBN
ISBN 968 130 645 7
040 ## - FUENTE DE CATALOGACIÓN
Origen de catalogación PE SENCICO BE
Agencia que realiza la transcripción PE SENCICO BE
041 ## - CÓDIGO DE IDIOMA
Idioma del texto spa
082 ## - NÚMERO DE CLASIFICACIÓN DECIMAL DEWEY
Código de Clasificación Dewey 691
Notación Interna G96
100 ## - ASIENTO PRINCIPAL--NOMBRE PERSONAL
Autor Personal Gutierrez, Martín L.
9 (RLIN) 172
Término relacionado autor
245 1# - MENCIÓN DEL TITULO
Título Materiales y procedimientos de construcción /
Mención de responsabilidad Martín L. Gutierrez
250 ## - MENCIÓN DE EDICIÓN
Edición 1a ed.
Resto de mención 14a reimp.
260 ## - PUBLICACIÓN, DISTRIBUCIÓN, ETC. (PIE DE IMPRENTA)
Lugar de publicación, distribución, etc. [México] :
Nombre de la Editorial, Distribuidor, etc. Diana ;
Fecha de publicación, distribución, etc. 1974
300 ## - DESCRIPCIÓN FÍSICA
Paginación 135 páginas :
Otros detalles físicos ilustraciones, tablas ;
Dimensión 27 cm. x 21 cm.
504 ## - NOTA DE BIBLIOGRAFÍA, ETC.
Bibliografía (rango de páginas) Bibliografía: p.147
505 0# - NOTA DE CONTENIDO CON FORMATO PREESTABLECIDOE
Contenido o índice Acotación – Escalas – Croquizado – Proyecciones ortogonales – Cortes y secciones – Dibujo isométrico – Proyección caballera
520 3# - NOTA DE RESUMEN, ETC.
Resumen, etc. Como expresión gráfica, el dibujo técnico resulta indispensable para la producción masiva de bienes y servicios (industria), razón por la cual se le encuentra en todos los planes de estudio, y en las cuales se estudia tomando como base las normas nacionales e internacionales que regulan la obtención de satisfactores materiales en todo nuestro planeta.
650 10 - ASIENTO SECUNDARIO DE MATERIA - TERMINO TEMÁTICO
Término de tema o elemento de entrada de nombre geográfico Materiales de construcción
9 (RLIN) 308
650 20 - ASIENTO SECUNDARIO DE MATERIA - TERMINO TEMÁTICO
Término de tema o elemento de entrada de nombre geográfico Proceso constructivo
9 (RLIN) 426
650 20 - ASIENTO SECUNDARIO DE MATERIA - TERMINO TEMÁTICO
Término de tema o elemento de entrada de nombre geográfico Cimentaciones
9 (RLIN) 356
710 1# - ASIENTO SECUNDARIO--NOMBRE CORPORATIVO
Nombre corporativo o de jurisdicción como elemento de entrada Universidad La Salle
9 (RLIN) 173
Término de relación autor
910 ## - RESPONSABLE DEL REGISTRO
Coordinador de procesamiento de la información hfp
942 ## - ELEMENTOS DE KOHA
Fuente de clasificación o esquema de estanterías Dewey Decimal Classification
Tipo de documento Libros
999 ## -
-- 9805
-- 9805
Existencias
Estado Retiro Estado Perdido Sistema de Clasificación o Esquema de Estantería Estado Dañado No es para préstamo Ubicación Permanente Ubicación Actual Fecha de adquisición Total Checkouts Signatura topográfica completa Código de Barras Date last seen Precio efectivo desde Tipo de ítem
    Dewey Decimal Classification     Biblioteca Trujillo Biblioteca Trujillo 22/12/2025   691/G96 BibZtruj25122582 22/12/2025 22/12/2025 Libros